000 00537nam a2200181Ia 4500
003 GCL
008 140319s9999 xx 000 0 ara d
040 _aGCL /
_cGCL
082 0 4 _aق
_b932
_bع و
100 1 _aعزيز مرقص منصور
245 1 0 _aوادى الملوك /
_cعزيز مرقص منصور
300 _a150 ص
490 _aالهيئة العامة للاستعلامات
_v0
650 0 4 _aالفراعنة
650 0 4 _aوادى الملوك
650 0 4 _aمصر القديمة - تاريخ
942 _2ddc
_cBK
999 _c51630
_d51630